| 000 | 01401cam a2200409 a 4500 | ||
|---|---|---|---|
| 001 | 4373634 | ||
| 005 | 20200421093826.0 | ||
| 008 | 050829s2006 cc a 001 0 eng | ||
| 010 | _a 2006287888 | ||
| 015 |
_aGBA582302 _2bnb |
||
| 016 | 7 |
_a013301729 _2Uk |
|
| 020 | _a9780596006976 (pbk.) | ||
| 020 | _a0596006977 (pbk.) | ||
| 029 | 1 |
_aYDXCP _b2261062 |
|
| 029 | 1 |
_aNZ1 _b10485792 |
|
| 029 | 1 |
_aAU@ _b000040126668 |
|
| 029 | 1 |
_aUNITY _b093854994 |
|
| 029 | 1 |
_aUKCEL _b0596006977 |
|
| 035 | _a(OCoLC)ocm61757169 | ||
| 035 | _a(OCoLC)61757169 | ||
| 040 |
_aUKM _cUKM _dBAKER _dBGU _dIXA _dMOU _dYDXCP _dMUQ _dBTCTA _dDLC _dGACCL _dBTN _dNLE |
||
| 042 | _aukblsr | ||
| 049 | _aNLES | ||
| 050 | 0 | 0 |
_aQA76.73.C15 _bP75 2006 |
| 082 | 0 | 4 |
_a005.133 _222 |
| 100 | 1 |
_aPrinz, Peter. _91438 |
|
| 245 | 1 | 0 |
_aC in a nutshell / _cPeter Prinz and Tony Crawford. |
| 260 |
_aBeijing ; _aCambridge : _bO'Reilly, _cc2006. |
||
| 300 |
_axvi, 600 p. : _bill. ; _c23 cm. |
||
| 500 | _a"A desktop quick reference"--Cover. | ||
| 500 | _aIncludes index. | ||
| 650 | 0 |
_aC (Computer program language) _vHandbooks, manuals, etc. _91439 |
|
| 700 | 1 |
_aCrawford, Tony. _91440 |
|
| 776 | 0 | 8 |
_iOnline version: _aPrinz, Peter. _tC in a nutshell. _dSebastopol, Calif. ; Farnham : O'Reilly, 2005, c2006 _w(OCoLC)607650646 |
| 856 | 4 | 1 |
_3Table of contents only _uhttp://www.loc.gov/catdir/toc/fy0708/2006287888.html |
| 942 |
_2ddc _cBK |
||
| 999 |
_c297 _d297 |
||